Normal view
MARC view
Entry Personal Name
001 - CONTROL NUMBER
- control field: 24069
003 - CONTROL NUMBER IDENTIFIER
- control field: OSt
005 - DATE AND TIME OF LATEST TRANSACTION
- control field: 20210611161110.0
008 - FIXED-LENGTH DATA ELEMENTS
- fixed length control field: 210611|| aca||aabn | a|a d
040 ## - CATALOGING SOURCE
- Original cataloging agency: OSt
- Transcribing agency: OSt
100 ## - HEADING--PERSONAL NAME
- Personal name: Herskovic, Bernard and Ramos, Joao
670 ## - SOURCE DATA FOUND
- Source citation: Work cat.: (OSt)515642: Herskovic, Bernard and Ramos, Joao, Acquiring information through peers
